Lost for Words: Animated Characters Quiz Stats

 Plays Quiz Updated May 4, 2019

Score 0/20 Timer 04:00
2 Plays Today
Question Answer Wrong Answers
Bugs Bunny (Looney Tunes) Bugs
94.5%
Bats
2%
Rats
3.2%
Pebbles Flintstone (The Flintstones) Pebbles
94.3%
Sticks
2.8%
Leaves
1.7%
Lightning McQueen (Cars) Lightning
94.2%
Tornado
2.1%
Avalanche
0.9%
Belle (Beauty and the Beast) Bell
93.1%
Aurora
2.5%
Snow
4.3%
Stitch (Lilo & Stitch) Stitches
90.9%
Yarn
2.3%
Pin Cushion
4.2%
Woody Woodpecker Woody Harrelson
90.5%
Bruce Willis
3.8%
Ralph Fiennes
4.4%
Fry (Futurama) Fryer
89.6%
Toaster
6.6%
Coffee Maker
2.8%
Pluto (Disney) Pluto
85.3%
Jupiter
7.8%
Saturn
5%
Bumblebee (Transformers) Bumblebee
84.7%
Canary
6%
Viper
6.7%
Bullseye (Toy Story) Bullseye
83.2%
Strike
11.3%
Goal
3.7%
Peppermint Patty (Peanuts) York Peppermint Patty
81.1%
Snickers
8.4%
M&Ms
8.7%
Marlin (Finding Nemo) Miami Marlins
76.4%
San Jose Sharks
11%
Miami Dolphins
9.3%
Butters Stotch (South Park) Butter
75.7%
Jam
13.9%
Honey
8%
Snake Jailbird (The Simpsons) Snake
75.6%
Tiger
7.2%
Shark
13.2%
Banzai (The Lion King) Bonsai
70.4%
Sushi
8.3%
Karate
18.6%
Gary the Snail (SpongeBob SquarePants) Gary Oldman
70.3%
Jamie Foxx
7.4%
Billy Crystal
18.5%
Ice King (Adventure Time) Iceberg
69.8%
Island
9.4%
Shark Fin
17.6%
Tina Belcher (Bob's Burgers) Tina Turner
62.3%
Cyndi Lauper
18%
Gloria Estefan
17.3%
Garfield James A. Garfield
58.8%
Abraham Lincoln
1.4%
William H. Taft
36.8%
Ren Ho√ęk (Ren & Stimpy) Wren
54.1%
Gecko
18%
Shrew
24.5%

You're not logged in!

Compare scores with friends on all Sporcle quizzes.
OR
Log In

Sporcle TV

Today on Sporcle TV


Watch our educational content, quiz creation guides, and fun videos on Sporcle TV.

Show Comments

Extras

Top Quizzes Today


Score Distribution

Your Account Isn't Verified!

In order to create a playlist on Sporcle, you need to verify the email address you used during registration. Go to your Sporcle Settings to finish the process.

Report this User

Report this user for behavior that violates our Community Guidelines.

Details: